000
00290nam a22001337a 4500
008
170131b xxu||||| |||| 00| 0 eng d
020
_a
0721617115
041
_a
eng
080
_a
61
100
_a
3
101
_a
SHMI
245
_a
CRITICAL CARE MEDICINE
_c
LUCE & PIERSON
942
_2
udc
_c
BK
999
_c
4086
_d
4086